| 000 | 00586nam a22001697a 4500 | ||
|---|---|---|---|
| 003 | MACL | ||
| 005 | 20150716131100.0 | ||
| 008 | 150716b xxu||||| |||| 00| 0 eng d | ||
| 040 | _cMACL | ||
| 041 | _aHindi | ||
| 082 | _a741.642 | ||
| 100 |
_4258/2 _aराजन, मोहन सुंदर _92303 |
||
| 245 | _aअंतरिक्ष का वरदान/हमारी रेलें | ||
| 260 |
_aनई दिल्ली _bनेशनल बुक ट्रस्ट _c2001 |
||
| 650 |
_aचिल्ड्रन बुक्स _9343 |
||
| 942 |
_2ddc _cHIN |
||
| 999 |
_c50158 _d50158 |
||